00486cam a2200145 a 450008200130000010000260001324500580003926000370009730000320013452600370016665000130020394200120021699900190022895200930024700a693bROO aBrandreth, a.m94554104aRoorkee treatise on civil engineering cA.m brandreth aAllahabad :bGovt, presscc1909. aiv, 81 p. :bill. ;c24 cm. a0b0c0d693_000000000000000_ROO 0aMCE9379 2ddccBK c549032d549032 00102ddc4070aMCEbMCEd2014-09-15l0o693 ROOpMCE-40721r2014-09-15w2014-09-15yBK